Создание ручной машины с волновой передачей и исследование ее работоспособности; Известия Томского политехнического университета [Известия ТПУ]; Т. 308, № 5

Bibliographic Details
Parent link:Известия Томского политехнического университета [Известия ТПУ]/ Томский политехнический университет (ТПУ).— , 2000-
Т. 308, № 5.— 2005.— [С. 126-130]
Main Author: Коротков В. С. Владимир Сергеевич
Summary:Заглавие с титульного листа
Электронная версия печатной публикации
Дано описание двух вариантов конструкции и техническая характеристика ручного электробура, в приводе которого использован коллекторный электродвигатель с волновой передачей. Представлен метод автоматизированного выбора мощности двигателя. Приводятся результаты испытаний.
Language:Russian
Published: 2005
Series:Технические науки
Subjects:
Online Access:http://www.lib.tpu.ru/fulltext/v/Bulletin_TPU/2005/v308/i5/28.pdf
Format: Electronic Book Chapter
KOHA link:https://koha.lib.tpu.ru/cgi-bin/koha/opac-detail.pl?biblionumber=170723

MARC

LEADER 00000nla2a2200000 4500
001 170723
005 20240215133813.0
035 |a (RuTPU)RU\TPU\book\185128 
035 |a RU\TPU\book\185125 
090 |a 170723 
100 |a 20091125d2005 k y0rusy50 ca 
101 0 |a rus 
102 |a RU 
135 |a drnn ---uucaa 
181 0 |a i  
182 0 |a b 
200 1 |a Создание ручной машины с волновой передачей и исследование ее работоспособности  |f В. С. Коротков 
203 |a Текст  |c электронный 
215 |a 1 файл (246 Кб) 
225 1 |a Технические науки 
300 |a Заглавие с титульного листа 
300 |a Электронная версия печатной публикации 
320 |a [Библиогр.: с. 130 (12 назв.)] 
330 |a Дано описание двух вариантов конструкции и техническая характеристика ручного электробура, в приводе которого использован коллекторный электродвигатель с волновой передачей. Представлен метод автоматизированного выбора мощности двигателя. Приводятся результаты испытаний. 
337 |a Adobe Reader 
461 1 |0 (RuTPU)RU\TPU\book\176237  |t Известия Томского политехнического университета [Известия ТПУ]  |f Томский политехнический университет (ТПУ)  |d 2000- 
463 1 |0 (RuTPU)RU\TPU\book\185053  |t Т. 308, № 5  |v [С. 126-130]  |d 2005  |p 231 с. 
610 1 |a ручные машины 
610 1 |a волновая передача 
610 1 |a исследования 
610 1 |a работоспособность 
610 1 |a варианты 
610 1 |a конструкции 
610 1 |a технические характеристики 
610 1 |a ручные электробуры 
610 1 |a приводы 
610 1 |a коллекторные электродвигатели 
610 1 |a метод автоматизированного выбора 
610 1 |a мощность 
610 1 |a двигатели 
610 1 |a испытания 
610 1 |a труды учёных ТПУ 
610 1 |a электронный ресурс 
700 1 |a Коротков  |b В. С.  |c специалист в области машиностроения  |c доцент Томского политехнического университета, кандидат технических наук  |f 1965-  |g Владимир Сергеевич  |9 13706 
801 1 |a RU  |b 63413507  |c 20090623  |g PSBO 
801 2 |a RU  |b 63413507  |c 20211012  |g PSBO 
856 4 |u http://www.lib.tpu.ru/fulltext/v/Bulletin_TPU/2005/v308/i5/28.pdf 
942 |c CF